Vincitori Coppa Intertoto UEFA - Statistics

Statistiche generali
  • Questo quiz è stato fatto 67 volte
  • Il punteggio medio è 10 su 35
Statistiche sulle risposte
Edizioni Vincitori % Corretto
1999 Juventus
84%
2001 Paris Saint-Germain
58%
2000 Udinese
54%
1998 Bologna
51%
2005 Olympique Marsiglia
51%
2003 Perugia
42%
1998 Valencia
40%
1997 Olympique Lione
39%
2001 Aston Villa
35%
2000 Stoccarda
35%
2002 Stoccarda
35%
2003 Villarreal
35%
2004 Villarreal
35%
2005 Amburgo
30%
2007 Amburgo
30%
1998 Werder Brema
28%
2004 Lilla
25%
1999 West Ham United
25%
1995 Bordeaux
23%
2006 Newcastle United
21%
2008 Sporting Braga
21%
2005 Lens
19%
2003 Schalke 04
19%
2004 Schalke 04
19%
2000 Celta Vigo
16%
1997 Auxerre
12%
2002 Fulham
12%
1996 Guingamp
12%
1995 Strasburgo
12%
2002 Malaga
11%
1999 Montpellier
11%
1996 Karlsruhe
9%
2001 Troyes
9%
1996 Silkeborg
5%
1997 Bastia
4%
Nessun quiz corrispondente trovato
Distribuzione punteggi
Percentuale di utenti per punteggio
Percentile per numero di risposta
I tuoi punteggi nel tempo
Non hai fatto questo quiz